Great centennial cattle drive /

Bibliographic Details
Main Author: McQuarrie, John, 1946-
Corporate Author: Western Stock Growers' Association
Other Authors: Taylor, Kim, 1933-, Ewing, Sherm, 1926-, McElroy, Joyce
Format: Book
Language:English
Published: Ottawa, Ontario, Can : J. McQuarrie : [1996]
Subjects:

MARC

Tag First Indicator Second Indicator Subfields
LEADER 00000cam a2200000 a 4500
001 in00001403080
005 20151020054152.0
008 970929s1996 onca 000 0 eng d
020 |a 0969976135 :  |c $24.95 
024 3 |a 9780969976134 
035 |a (OCoLC)37701339 
035 |9 AHN0625AM 
040 |a DPL  |c DPL  |d TXA  |d UtOrBLW 
043 |a n-cn-ab 
049 |a TXAS [dyks] 
090 |a F596  |b .M18 1996 
100 1 |a McQuarrie, John,  |d 1946- 
245 1 0 |a Great centennial cattle drive /  |c Western Stock Growers' Association ; photography: John McQuarrie & Kim Taylor ; text: Sherm Ewing & Joyce McElroy. 
264 1 |a Ottawa, Ontario, Can :  |b J. McQuarrie :  |c [1996] 
264 2 |a Ottawa, Ontario, Can :  |b Distributed in Canada by Raincoast Books, 
264 4 |c ©1996 
300 |a 111 pages :  |b chiefly illustrations (some color) ;  |c 22 x 28 cm. 
336 |a text  |b txt  |2 rdacontent 
337 |a unmediated  |b n  |2 rdamedia 
338 |a volume  |b nc  |2 rdacarrier 
500 |a At head of title on cover: 1896-1996. 
650 0 |a Cattle drives  |z Alberta  |x Pictorial works. 
610 2 0 |a Western Stock Growers' Association  |x Centennial celebrations, etc.  |x Pictorial works. 
700 1 |a Taylor, Kim,  |d 1933- 
700 1 |a Ewing, Sherm,  |d 1926- 
700 1 |a McElroy, Joyce. 
710 2 |a Western Stock Growers' Association. 
999 |a MARS 
999 f f |s 7393ba67-6227-3b62-ad22-867c2e6fddc7  |i 9735f997-ef22-3357-ba72-9d04aa1c0399  |t 0 
952 f f |p noncirc  |a Texas A&M University  |b College Station  |c Cushing Memorial Library & Archives  |d Cushing: Dykes (Does not check out)  |t 0  |e F596 .M18 1996  |h Library of Congress classification  |i unmediated -- volume  |m A14851720855 
998 f f |a F596 .M18 1996  |t 0  |l Cushing: Dykes (Does not check out)